01143cam a2200361 a 45000010005000000030006000050050017000110080041000280100017000690200015000860200018001010200018001190200018001370400028001550500015001830820012001981000020002102450079002302600035003093000059003445050007004035200170004105210021005805210018006016500038006196500032006576500021006896500012007106500013007226500016007356500019007516500011007706422FISKH20250429123230.0051026s2006 nyuag a 000 0 eng  a 2005030531 a0439823234 a9780439823234 a9780439823234 a9780545019828 aDLCcDLCdVP@dDLCbeng aPZ8.R855 L a782.42 1 aRueda, Claudia.10aLet's play in the forest while the wolf is not around /cby Claudia Rueda. aNew York :bScholastic,c2006. a32 unnumbered pages ; bcolor illustrations ; c23 cm  aG  aIn this adaptation of the traditional French and Latin American song, animals play in the forest while a scary wolf slowly dresses and becomes hungrier and hungrier.8 a420 bLexile AD 8 aG bRaz-Plus  0aChildren's songs, EnglishvTexts. 0aFolk songs, EnglishvTexts. 1aColombian songs. 1aWolves. 1aAnimals. 1aSong texts. 1aSinging games. 1aGames.